Austrian Cities by their Slovenian Names - Statistics

General Stats
  • This quiz has been taken 41 times
  • The average score is 8 of 15
Answer Stats
Slovenian city name Austrian city name % Correct
Gradec Graz
97%
Linec Linz
97%
Dunaj Wien
97%
Inomost Innsbruck
79%
Solnogradec Salzburg
76%
Celovec Klagenfurt
73%
Beljak Villach
61%
Dunajsko Novo mesto Wiener Neustadt
48%
Sveti Hipolit Sankt Pölten
39%
Brežnice Bregenz
36%
Železno Eisenstadt
33%
Volšperk Wolfsberg
18%
Lonč Deutschlandsberg
12%
Vrbna Feldbach
6%
Liupina Leoben
6%
No matching quizzes found
Score Distribution
Percent of People with Each Score
Percentile by Number Answered
Your Score History
You have not taken this quiz